000 00782nam a22001815i 4500
001 156596
003 ES-MaACL
005 20230906210442.0
008 040802s1887 fr |||| | fre d
040 _aCAM
_bspa
_cCAM
100 1 _aKilian, W.
_968029
245 1 0 _aNote sur le Gault de la Montagne de Lure (Basses Alpes) et le Schloenbachia inflatiformis, Szajnocha /
_cpar W. Kilian.
260 _aLagny :
_b[s.n.],
_c[s.a.] (
_fEmile Colin)
300 _aP. 464-465 ;
_c25 cm.
595 _aExtrait du Bulletin de la Société Géologique de France, 3e série, t. XV, p. 464-465, séance du 4 avril 1887.
651 4 _aAlpes-
_xGeología.
_9137029
852 _aES-MaACL
_jT-962-F-3
_z-- Enc. hol.
_z-- Legado Federico de Botella y de Hornos
_z-- Enc. en un vol. facticio
999 _c156596
_d156596